Cent'anni di identita lesbiche : tesi di diploma in Antropologia culturale /

Guardat en:
Dades bibliogràfiques
Autor principal: Stemmer, Monika (Autor)
Altres autors: Daolio, Roberto
Format: Llibre
Idioma:italià
alemany
Publicat: A.a.2003-2004
Etiquetes: Afegir etiqueta
Sense etiquetes, Sigues el primer a etiquetar aquest registre!

MARC

LEADER 00000nam a22000007i 4500
001 IT\ICCU\UBO\3016346
003 ItRI
005 20260115232327.0
008 060711m20032004it |||||| ||||| |||||c
040 |b ita  |c importazione bologna sebina 
041 7 |a ita  |a ger  |2 ISO-639-2 
100 1 |a Stemmer, Monika  |0 IT\ICCU\UBOV\039952  |4 aut 
245 1 0 |a Cent'anni di identita lesbiche :  |b tesi di diploma in Antropologia culturale /  |c presentata da: Monika Stemmer ; relatore: Roberto Daolio. 
246 1 1 |a Hundert jahre lesbische identitaten.  |9 IT\ICCU\UBO\3016362 
260 |c A.a.2003-2004 
300 |a [185] p. ;  |c 21 cm 
500 |a In testa al front.:Accademia di Belle Arti di bologna, Corso principale: pittura. 
700 1 |a Daolio, Roberto  |0 IT\ICCU\CFIV\030972 
942 |2 ddc  |c BK  |n 0 
952 |0 0  |1 0  |4 0  |6 L_306_766000000000000_STE  |7 0  |9 24249  |a BO  |b BO  |d 2026-01-15  |i 8779  |l 0  |o L 306.766 STE  |p BO8779  |r 2026-01-15 23:23:27  |w 2026-01-15  |x [Sebina 7] [1 v.]  |y BK  |z 1 v. 
999 |c 20642  |d 20642